000 00466nab a2200145Ia 4500
003 ES-SlBCS
005 20210601131315.0
008 140529s1999 xxu||||| |||| 00| 0 fre d
041 _afre
100 1 _aEgea-Kuehne, Denise
_9139770
245 0 0 _aLes reconceptualistes: historie d'un phénomène américain
_c Denise Egea-Kuehne
650 0 4 _aReconceptualistas
_9183507
773 0 _tRevue Française de Pedagogie
_gnº. 128, 1999, págs. 89-96
_wRev888
942 _cAR
999 _c561023
_d561023